| 000 | 00735nam a2200181Ia 4500 | ||
|---|---|---|---|
| 008 | 100921s9999 xx 000 0 und d | ||
| 082 |
_b4728 _a550 थ 57 |
||
| 100 | _aकेळकर दत्तात्रय केशव.अनु. | ||
| 245 | _aभूमंडळ आणि नभोमंडळ. | ||
| 260 |
_bपरचुरे प्रकाशन,मुंबई. _c1957 |
||
| 300 |
_a107 _b--- |
||
| 365 | _b2 | ||
| 520 | _aविज्ञान-भौमिक शास्त्रे. | ||
| 630 | _aभूमंडळ आणि नभोमंडळ. | ||
| 650 | _aविज्ञान-भौमिक शास्त्रे. | ||
| 730 | _aभूमंडळ आणि नभोमंडळ. | ||
| 942 | _cBOOK | ||
| 999 |
_c753841 _d753838 |
||